000 01318nam a2200181 a 4500
001 14666
003 CO-ViMGA
008 141112s2004 ck r 000 u spa d
020 _a9586770761
040 _aCO-ViMGA
_bspa
_cCO-ViMGA
082 0 4 _a155.7 E728
245 1 0 _aEscuela para mejores padres.
260 _aSta Fe de Bogotá :
_bZamora,
_c1998
300 _a6v.
505 _aVOL1 : . - Fecundación. - Las primeras preguntas. - Riesgos para el feto. - Metodos anticonceptivos. - El aborto. - Cambios fisicos en la embarazada. - El peso y la dieta. VOL2 : . - Parto sin dolor. - El parto. - Nacimiento. - ¿Que es puerperio?. - Niños prematuros. - Menstruación. VOL3 : . - La esterilidad. - Climaterio y menopausia. - El niño del nacimiento a los doce meses. - Recien nacido. - La alimentación. - El baño, el sueño y el llanto. - ¿Porque llora el bebe?. - Entorno familiar. - Desarrollo motor. - Dentición. - Enfermedades mas frecuentes. - Vacunas . - Urgencias infantiles. VOL4 : . - Desarrollo psicológico del niño de 1 a 5 años. VOL5 : . - Desarrollo psicológico del niño de 6 a 10 años. - Adolescencia . - Drogas. VOL6 : . - El niño de 11 a 14 años. - Enfermedades. - Accidentes infantiles. - Los derechos del niño. - Nutrición.
650 1 4 _aPSICOLOGIA EVOLUTIVA
_954990
942 _2ddc
_cBK
999 _c25208
_d25208